[Event "Sachsen-Anhalt-ch Seniors 22nd"]
[Site "Halberstadt"]
[Date "2014.05.30"]
[Round "6"]
[White "Liszka, Guenter"]
[Black "Huelle, Gunter"]
[Result "1/2-1/2"]
[WhiteElo "1793"]
[BlackElo "1469"]
[PlyCount "48"]
[EventDate "2014.05.25"]
[EventType "swiss"]
[EventRounds "7"]
[EventCountry "GER"]
[SourceTitle "EXT 2018"]
[Source "ChessBase"]
[SourceDate "2017.10.13"]
[SourceVersion "1"]
[SourceVersionDate "2017.10.13"]
[SourceQuality "1"]

1. e4 e6 2. d4 d5 3. Nc3 Nf6 4. e5 Nfd7 5. f4 c5 6. Nf3 a6 7. Be3 Nc6 8. Be2 b5 9. a3 Qb6 10. Qd2 cxd4 11. Nxd4 Bc5 12. Rd1 Bb7 13. Bf3 Rc8 14. Nce2 a5 15. 0-0 0-0 16. Bf2 b4 17. axb4 axb4 18. Ra1 Ra8 19. g3 Ba6 20. Rad1 Bxe2 21. Bxe2 Ra2 22. b3 Nxd4 23. Bxd4 Bxd4+ 24. Qxd4 Rxc2 1/2-1/2

[Event "MVP-ch Seniors op 12th"]
[Site "Binz"]
[Date "2012.12.06"]
[Round "9"]
[White "Liszka, Guenter"]
[Black "Helbig, Christoph"]
[Result "1-0"]
[WhiteElo "1752"]
[BlackElo "1552"]
[PlyCount "56"]
[EventDate "2012.11.28"]
[EventType "swiss"]
[EventRounds "9"]
[EventCountry "GER"]
[SourceTitle "EXT 2014"]
[Source "ChessBase"]
[SourceDate "2013.11.20"]
[SourceVersion "1"]
[SourceVersionDate "2013.11.20"]
[SourceQuality "1"]

1. e4 e5 2. Nf3 d6 3. d4 Nf6 4. Nc3 Nbd7 5. Bc4 Be7 6. 0-0 0-0 7. h3 c6 8. a4 a5 9. Be3 Qc7 10. Qd2 Nb6 11. Bd3 Be6 12. dxe5 dxe5 13. Bxb6 Qxb6 14. Nxe5 Rad8 15. Qc1 Bc5 16. Ne2 Ne8 17. Nf4 Nc7 18. Nc4 Qa7 19. Qe1 Bb4 20. Qe2 Be7 21. Qh5 Bxc4 22. Bxc4 Qd4 23. Bd3 f5 24. Ne2 Qc5 25. exf5 Rxd3 26. cxd3 Rxf5 27. Qg4 Kh8 28. Nd4 Rg5 1-0

[Event "MVP-ch Seniors op 12th"]
[Site "Binz"]
[Date "2012.12.05"]
[Round "8"]
[White "Liszka, Guenter"]
[Black "Berger, Volkmar"]
[Result "1/2-1/2"]
[WhiteElo "1752"]
[BlackElo "1605"]
[PlyCount "130"]
[EventDate "2012.11.28"]
[EventType "swiss"]
[EventRounds "9"]
[EventCountry "GER"]
[SourceTitle "EXT 2014"]
[Source "ChessBase"]
[SourceDate "2013.11.20"]
[SourceVersion "1"]
[SourceVersionDate "2013.11.20"]
[SourceQuality "1"]

1. e4 d6 2. d4 Nf6 3. Nc3 g6 4. f3 Bg7 5. Be3 0-0 6. Qd2 e6 7. 0-0-0 a6 8. h4 h5 9. Be2 Nc6 10. g4 e5 11. d5 Nd4 12. Bg5 b5 13. gxh5 gxh5 14. Rh2 c5 15. Rg2 b4 16. Nb1 Kh7 17. Bc4 Bd7 18. c3 bxc3 19. Nxc3 Rg8 20. Nce2 Bb5 21. Nxd4 cxd4 22. Bxb5 axb5 23. Kb1 Ra4 24. Rc1 Rc4 25. Rxc4 bxc4 26. Qb4 Qc7 27. Rc2 c3 28. Qb5 Bh6 29. Nh3 Qc8 30. Qf1 Bg7 31. Bc1 Bh6 32. Bxh6 Kxh6 33. Qc1+ Kh7 34. Ng5+ Kg6 35. Rg2 cxb2 36. Qxc8 Rxc8 37. Rxb2 Rc7 38. Rc2 Rxc2 39. Kxc2 Nd7 40. a4 Kf6 41. a5 Nc5 42. Nh3 Ke7 43. Nf2 Kd7 44. Kb2 Kc7 45. Ka3 Kb7 46. Kb4 Ka6 47. Kc4 Kxa5 48. Nh1 Ka4 49. Ng3 Ka3 50. Nxh5 Kb2 51. Ng3 Kc2 52. h5 Nd7 53. h6 Nf8 54. Nf1 d3 55. Kb5 Kd1 56. Ne3+ Ke2 57. Nc4 Kxf3 58. Kc6 Kxe4 59. Kxd6 Kd4 60. Nxe5 f5 61. Nxd3 Kxd3 62. Ke5 Kc4 63. Kxf5 Kxd5 64. Kf6 Nh7+ 65. Kg6 Ke6 1/2-1/2

[Event "Ruhrgebiet-ch Seniors 18th"]
[Site "Essen"]
[Date "2011.03.28"]
[Round "1"]
[White "Liszka, Guenter"]
[Black "Khasin, Abram Iosifovich"]
[Result "0-1"]
[WhiteElo "1770"]
[BlackElo "2169"]
[PlyCount "66"]
[EventDate "2011.03.28"]
[EventType "swiss"]
[EventRounds "9"]
[EventCountry "GER"]
[SourceTitle "EXT 2012"]
[Source "ChessBase"]
[SourceDate "2011.11.24"]
[SourceVersion "1"]
[SourceVersionDate "2011.11.24"]
[SourceQuality "1"]

1. e4 c5 2. Nf3 e6 3. Nc3 a6 4. d4 cxd4 5. Nxd4 Qc7 6. Bd3 Nf6 7. 0-0 Bc5 8. Nb3 Be7 9. Kh1 d6 10. f4 Nc6 11. a3 b5 12. Qf3 Bb7 13. Qg3 0-0 14. Be3 b4 15. Nd1 bxa3 16. bxa3 e5 17. f5 Kh8 18. Nf2 Nb8 19. Nd2 Nbd7 20. Ng4 Nxg4 21. Qxg4 Nf6 22. Qh3 d5 23. exd5 Bxd5 24. Bg5 e4 25. Bxf6 Bxf6 26. Nxe4 Bxa1 27. f6 Rae8 28. fxg7+ Bxg7 29. Ng5 Bxg2+ 30. Kxg2 Qc6+ 31. Be4 Qh6 32. Qg4 Re7 33. Nf3 Bf6 0-1

[Event "GER-ch Seniors 22nd"]
[Site "Berlin"]
[Date "2010.08.20"]
[Round "5"]
[White "Moeller, Dirk Halvard"]
[Black "Liszka, Guenter"]
[Result "1/2-1/2"]
[WhiteElo "1436"]
[BlackElo "1803"]
[PlyCount "124"]
[EventDate "2010.08.16"]
[EventType "swiss"]
[EventRounds "9"]
[EventCountry "GER"]
[SourceTitle "CBM 138 Extra"]
[Source "ChessBase"]
[SourceDate "2010.10.29"]
[SourceVersion "1"]
[SourceVersionDate "2010.10.29"]
[SourceQuality "1"]

1. e4 c5 2. c4 e6 3. Nf3 Nc6 4. Nc3 d6 5. Be2 Nf6 6. 0-0 Be7 7. d3 0-0 8. b3 a6 9. Ne1 Nd4 10. f4 Qc7 11. Be3 Nxe2+ 12. Qxe2 Bd7 13. d4 cxd4 14. Bxd4 e5 15. Be3 b5 16. fxe5 dxe5 17. Nd5 Nxd5 18. cxd5 Bc5 19. Nd3 Ba7 20. Rac1 Qd6 21. Nc5 Bc8 22. b4 f5 23. Qh5 Bd7 24. Qh4 Rac8 25. Kh1 fxe4 26. Qxe4 Be8 27. Qg4 Bg6 28. Rfd1 Bf5 29. Qg3 Rc7 30. Bd4 Re7 31. Be3 Rfe8 32. a3 Bg6 33. Bg5 Rf7 34. Be3 Bh5 35. Rd2 Ref8 36. h3 Rf1+ 37. Rxf1 Rxf1+ 38. Kh2 Rf8 39. Ne6 Rf7 40. Rf2 Qe7 41. Rxf7 Qxf7 42. Qxe5 Bxe3 43. Qxe3 Qd7 44. Qe5 Bg6 45. Qf4 Bf7 46. Qb8+ Be8 47. Nc7 Kf7 48. Qxe8+ Qxe8 49. Nxe8 Kxe8 50. Kg3 Kd7 51. Kf4 Kd6 52. Ke4 h6 53. g3 h5 54. g4 hxg4 55. hxg4 g6 56. Kd4 g5 57. Ke4 Kd7 58. Ke5 Ke7 59. d6+ Kd7 60. Kd5 Kd8 61. Ke6 Ke8 62. d7+ Kd8 1/2-1/2

[Event "GER-ch Seniors 22nd"]
[Site "Berlin"]
[Date "2010.08.18"]
[Round "3"]
[White "Zanger, Konrad"]
[Black "Liszka, Guenter"]
[Result "0-1"]
[WhiteElo "1591"]
[BlackElo "1803"]
[PlyCount "113"]
[EventDate "2010.08.16"]
[EventType "swiss"]
[EventRounds "9"]
[EventCountry "GER"]
[SourceTitle "CBM 138 Extra"]
[Source "ChessBase"]
[SourceDate "2010.10.29"]
[SourceVersion "1"]
[SourceVersionDate "2010.10.29"]
[SourceQuality "1"]

1. Nf3 d5 2. d4 Nf6 3. e3 Nbd7 4. Bd3 e6 5. 0-0 c5 6. b3 Qc7 7. Nbd2 Bd6 8. g3 0-0 9. Bb2 a6 10. c4 b6 11. e4 cxd4 12. Rc1 dxe4 13. Nxe4 e5 14. Re1 Bb7 15. Rc2 Nxe4 16. Bxe4 Bxe4 17. Rxe4 f5 18. Re1 Nf6 19. a3 Rae8 20. Nd2 d3 21. Rc1 e4 22. Bxf6 Rxf6 23. b4 Rg6 24. Nf1 Be5 25. c5 bxc5 26. Rxc5 Rc6 27. Qa4 Ree6 28. Rec1 Rxc5 29. Rxc5 Qd6 30. Ne3 Bd4 31. Rd5 Qb6 32. Nd1 Bf6 33. Rxf5 g6 34. Rc5 Kg7 35. Qd7+ Re7 36. Qd5 Qe6 37. Ne3 Qxd5 38. Rxd5 Bc3 39. Nd1 Bf6 40. Kf1 Rc7 41. Kg2 Rc8 42. Ne3 Rc3 43. a4 Ra3 44. Rd7+ Kg8 45. Rd6 Bc3 46. Rxa6 Bxb4 47. Re6 d2 48. Rxe4 Rxa4 49. Rd4 Ra3 50. Nf1 Bc3 51. Rd8+ Kg7 52. Rd5 Ra5 53. Rxd2 Bxd2 54. Nxd2 Ra2 55. Nf1 Kf6 56. Ne3 h5 57. h4 0-1

[Event "Hessen-ch Seniors op 05th"]
[Site "Bad Sooden-Allendorf"]
[Date "2009.04.26"]
[Round "2"]
[White "Hobusch, Werner"]
[Black "Liszka, Guenter"]
[Result "1-0"]
[WhiteElo "2014"]
[BlackElo "1796"]
[PlyCount "66"]
[EventDate "2009.04.25"]
[EventType "swiss"]
[EventRounds "9"]
[EventCountry "GER"]
[SourceTitle "EXT 2022"]
[Source "ChessBase"]
[SourceDate "2021.10.06"]
[SourceVersion "1"]
[SourceVersionDate "2021.10.06"]
[SourceQuality "1"]

1. e4 c5 2. Nf3 Nc6 3. d4 cxd4 4. Nxd4 Nf6 5. Nc3 d6 6. Be2 e6 7. 0-0 Be7 8. Kh1 0-0 9. f4 Qc7 10. Bf3 Bd7 11. Ndb5 Qb8 12. g4 a6 13. g5 Nxe4 14. Bxe4 axb5 15. Nxb5 g6 16. c4 Nb4 17. Nc3 Rc8 18. Qb3 Bf8 19. Bg2 Nc6 20. Ne4 Be7 21. Qd1 Nb4 22. b3 d5 23. Bb2 Qa7 24. a3 Nc6 25. cxd5 exd5 26. Qxd5 Be6 27. Qd3 Rd8 28. Qg3 Bf5 29. Nf6+ Bxf6 30. Bxf6 Rd3 31. Rf3 Rd2 32. Re3 Qc5 33. Rae1 Qf8 1-0

[Event "Niedersachsen-ch Seniors op 11th"]
[Site "Bad Bevensen"]
[Date "2008.07.15"]
[Round "8"]
[White "Liszka, Guenter"]
[Black "Gerhards, Walter"]
[Result "1-0"]
[WhiteElo "1781"]
[BlackElo "1858"]
[PlyCount "56"]
[EventDate "2008.07.08"]
[EventType "swiss"]
[EventRounds "9"]
[EventCountry "GER"]
[SourceTitle "EXT 2022"]
[Source "ChessBase"]
[SourceDate "2021.10.06"]
[SourceVersion "1"]
[SourceVersionDate "2021.10.06"]
[SourceQuality "1"]

1. e4 e6 2. d4 d5 3. Nc3 Nf6 4. e5 Nfd7 5. f4 c5 6. Nf3 Nc6 7. Be3 cxd4 8. Nxd4 Nxd4 9. Bxd4 a6 10. Be2 Qc7 11. 0-0 Bc5 12. Kh1 b5 13. a3 0-0 14. Bf3 Rb8 15. Ne2 f6 16. exf6 Bxd4 17. Nxd4 Rxf6 18. Nxe6 Rxe6 19. Bxd5 Nf6 20. f5 Nxd5 21. Qxd5 Qc6 22. Qb3 Kh8 23. fxe6 Bxe6 24. Qg3 Rd8 25. Rf2 h6 26. Raf1 Rd4 27. Qg6 Rd6 28. Rf8+ Bg8 1-0

[Event "Bad Woerishofen Seniors op 24th"]
[Site "Bad Woerishofen"]
[Date "2008.03.04"]
[Round "6"]
[White "Liszka, Guenter"]
[Black "Oser, Thor"]
[Result "1-0"]
[WhiteElo "1973"]
[BlackElo "1869"]
[PlyCount "25"]
[EventDate "2008.02.28"]
[EventType "swiss"]
[EventRounds "9"]
[EventCountry "GER"]
[SourceTitle "EXT 2019"]
[Source "ChessBase"]
[SourceDate "2018.10.10"]
[SourceVersion "1"]
[SourceVersionDate "2018.10.10"]
[SourceQuality "1"]

1. e4 c6 2. d4 d5 3. Nc3 dxe4 4. Nxe4 Bf5 5. Ng3 Bg6 6. Bc4 e6 7. N1e2 h6 8. 0-0 Nf6 9. f4 Bd6 10. f5 exf5 11. Nxf5 Bc7 12. Nxg7+ Kf8 13. Nf5 1-0

[Event "Bad Woerishofen Seniors op 24th"]
[Site "Bad Woerishofen"]
[Date "2008.03.03"]
[Round "5"]
[White "Kolas, Matija"]
[Black "Liszka, Guenter"]
[Result "1/2-1/2"]
[WhiteElo "1671"]
[BlackElo "1737"]
[PlyCount "59"]
[EventDate "2008.02.28"]
[EventType "swiss"]
[EventRounds "9"]
[EventCountry "GER"]
[SourceTitle "EXT 2022"]
[Source "ChessBase"]
[SourceDate "2021.10.06"]
[SourceVersion "1"]
[SourceVersionDate "2021.10.06"]
[SourceQuality "1"]

1. d4 d5 2. e3 Nf6 3. f4 Bg4 4. Nf3 Nbd7 5. Be2 e6 6. c3 c5 7. 0-0 Bd6 8. Ne5 Bxe2 9. Qxe2 Qc7 10. Nd2 Rc8 11. Qf3 Qb6 12. a3 cxd4 13. exd4 Bxe5 14. fxe5 Nxe5 15. Qg3 Ng6 16. Nf3 Ne4 17. Qe1 0-0 18. Qe2 Qc7 19. Ng5 Nxg5 20. Bxg5 h6 21. Bd2 Qb6 22. Be3 Qb3 23. Rf2 b5 24. Raf1 Qc4 25. Qh5 Qd3 26. Rf3 Qe4 27. Rh3 f6 28. Rg3 Kh7 29. Rh3 Rc7 30. Rg3 1/2-1/2

[Event "Bad Woerishofen Seniors op 24th"]
[Site "Bad Woerishofen"]
[Date "2008.02.28"]
[Round "1"]
[White "Kuhnert, Werner Eberhard"]
[Black "Liszka, Guenter"]
[Result "0-1"]
[WhiteElo "1280"]
[BlackElo "1737"]
[PlyCount "78"]
[EventDate "2008.02.28"]
[EventType "swiss"]
[EventRounds "9"]
[EventCountry "GER"]
[SourceTitle "EXT 2022"]
[Source "ChessBase"]
[SourceDate "2021.10.06"]
[SourceVersion "1"]
[SourceVersionDate "2021.10.06"]
[SourceQuality "1"]

1. d4 d5 2. c4 e6 3. Nc3 Nf6 4. Bg5 Nbd7 5. Nf3 Bb4 6. e3 c5 7. cxd5 exd5 8. Rc1 Qa5 9. a3 Bxc3+ 10. Rxc3 Ne4 11. b4 cxb4 12. Rb3 bxa3+ 13. Nd2 Nxg5 14. Rb5 Qc3 15. Rb3 Qc7 16. Rxa3 0-0 17. Be2 Nf6 18. 0-0 Nge4 19. f3 Nc3 20. Qe1 Nxe2+ 21. Qxe2 Bd7 22. Re1 a6 23. Raa1 b5 24. Nb3 Rfc8 25. Nc5 Qb6 26. g4 Be8 27. Qa2 Nd7 28. Nxd7 Bxd7 29. Qb2 Rc4 30. Rec1 Rac8 31. h4 Qh6 32. Rxc4 Rxc4 33. Qf2 Qc6 34. Qe1 b4 35. Kh2 Rc2+ 36. Kg3 Qc4 37. Qf1 Qxf1 38. Rxf1 a5 39. Ra1 b3 0-1

[Event "GER-ch Seniors Gp-A 19th"]
[Site "Templin"]
[Date "2007.08.31"]
[Round "9"]
[White "Hoose, Hannelore"]
[Black "Liszka, Guenter"]
[Result "0-1"]
[WhiteElo "1589"]
[BlackElo "1767"]
[PlyCount "33"]
[EventDate "2007.08.23"]
[EventType "swiss"]
[EventRounds "9"]
[EventCountry "GER"]
[SourceTitle "EXT 2022"]
[Source "ChessBase"]
[SourceDate "2021.10.06"]
[SourceVersion "1"]
[SourceVersionDate "2021.10.06"]
[SourceQuality "1"]

1. b4 e5 2. Bb2 Nf6 3. e3 d6 4. c4 b6 5. b5 Bb7 6. Nc3 Be7 7. a4 a6 8. Qb3 0-0 9. f3 Nbd7 10. d4 axb5 11. axb5 Rxa1+ 12. Bxa1 Qa8 13. Bb2 exd4 14. exd4 Re8 15. Nge2 Nh5 16. Kf2 Bh4+ 17. Ng3 0-1

[Event "GER-ch Seniors Gp-A 19th"]
[Site "Templin"]
[Date "2007.08.24"]
[Round "2"]
[White "Dahlhaus, Friedhelm"]
[Black "Liszka, Guenter"]
[Result "1-0"]
[WhiteElo "1982"]
[BlackElo "1767"]
[PlyCount "59"]
[EventDate "2007.08.23"]
[EventType "swiss"]
[EventRounds "9"]
[EventCountry "GER"]
[SourceTitle "EXT 2022"]
[Source "ChessBase"]
[SourceDate "2021.10.06"]
[SourceVersion "1"]
[SourceVersionDate "2021.10.06"]
[SourceQuality "1"]

1. e4 c5 2. Nf3 Nc6 3. d4 cxd4 4. Nxd4 Nf6 5. Nc3 d6 6. Bg5 e6 7. Qd2 Be7 8. 0-0-0 0-0 9. f4 Nxd4 10. Qxd4 Qa5 11. Bc4 Bd7 12. e5 dxe5 13. fxe5 Bc6 14. Bd2 Nd7 15. Nd5 Qd8 16. Nxe7+ Qxe7 17. Rhe1 Nb6 18. Bd3 Rfd8 19. Qg4 Rxd3 20. cxd3 Ba4 21. Bh6 g6 22. Rd2 Rc8+ 23. Kb1 Qc7 24. Rf2 Bc2+ 25. Ka1 Bxd3 26. Qf3 Bf5 27. g4 g5 28. Bxg5 Bg6 29. h4 Nc4 30. Bh6 1-0

[Event "GER-ch Seniors 18th"]
[Site "Dresden"]
[Date "2006.07.30"]
[Round "9"]
[White "Kaschte, Heinz"]
[Black "Liszka, Guenter"]
[Result "1-0"]
[WhiteElo "1738"]
[BlackElo "1744"]
[PlyCount "91"]
[EventDate "2006.07.22"]
[EventType "swiss"]
[EventRounds "9"]
[EventCountry "GER"]
[SourceTitle "EXT 2022"]
[Source "ChessBase"]
[SourceDate "2021.10.06"]
[SourceVersion "1"]
[SourceVersionDate "2021.10.06"]
[SourceQuality "1"]

1. d4 d5 2. Nf3 Nf6 3. g3 e6 4. Bg2 Bd6 5. 0-0 0-0 6. Nc3 a5 7. Re1 Nbd7 8. Bg5 h6 9. Bxf6 Nxf6 10. e4 dxe4 11. Nxe4 Nxe4 12. Rxe4 b5 13. c3 Bb7 14. Re3 Rc8 15. Ne5 c6 16. Qg4 Rc7 17. Rd1 Ba8 18. a3 Bb7 19. f4 Qe8 20. Kh1 Kh7 21. f5 Bc8 22. Be4 exf5 23. Bxf5+ Bxf5 24. Qxf5+ g6 25. Qf3 Re7 26. Ng4 f5 27. Rxe7+ Qxe7 28. Nf2 Qd7 29. Nd3 Re8 30. Re1 Rxe1+ 31. Nxe1 Qe8 32. Nd3 Kg7 33. Kg2 h5 34. Kf2 Kf6 35. Qe3 Qd7 36. Qh6 Qe7 37. Qh8+ Kg5 38. Ne1 Qe4 39. Nf3+ Kg4 40. h3+ Kxh3 41. Ng5+ Kh2 42. Nxe4 fxe4 43. g4 Bg3+ 44. Ke3 h4 45. Kxe4 g5 46. Kf3 1-0

[Event "Ruhrgebiet Seniors op 13th"]
[Site "Essen"]
[Date "2006.03.29"]
[Round "2"]
[White "Liszka, Guenter"]
[Black "Mueller, Falk"]
[Result "1/2-1/2"]
[WhiteElo "1775"]
[BlackElo "2003"]
[PlyCount "82"]
[EventDate "2006.03.28"]
[EventType "swiss"]
[EventRounds "9"]
[EventCountry "GER"]
[SourceTitle "EXT 2007"]
[Source "ChessBase"]
[SourceDate "2006.11.23"]
[SourceVersion "1"]
[SourceVersionDate "2006.11.23"]
[SourceQuality "1"]

1. e4 e5 2. Nf3 d6 3. d4 Nd7 4. Nc3 Be7 5. Bc4 c6 6. a4 Ngf6 7. 0-0 0-0 8. Qe2 Qc7 9. h3 h6 10. a5 Nh7 11. Be3 Re8 12. Rfd1 Ndf8 13. Ra4 Bd7 14. Ra2 g5 15. dxe5 dxe5 16. Nh2 Nf6 17. Bd2 Ng6 18. g4 Kg7 19. Qe3 Nf4 20. Ne2 Nxe2+ 21. Qxe2 Nh7 22. Nf3 f6 23. Qe3 Nf8 24. Qb3 Qc8 25. Nh2 Ne6 26. Be3 Nc5 27. Bxc5 Bxc5 28. Qd3 Rd8 29. Qe2 Qc7 30. c3 Be8 31. b4 Rxd1+ 32. Qxd1 Rd8 33. Rd2 Be7 34. Nf1 c5 35. Rxd8 Qxd8 36. Qb3 cxb4 37. cxb4 Qd6 38. b5 Qb4 39. Qxb4 Bxb4 40. a6 bxa6 41. bxa6 Bc6 1/2-1/2

[Event "Essen op04"]
[Site "Essen"]
[Date "2005.04.12"]
[Round "5"]
[White "Liszka, Guenter"]
[Black "Bischof, Rainer"]
[Result "0-1"]
[WhiteElo "1777"]
[BlackElo "1896"]
[PlyCount "126"]
[EventDate "2005.04.04"]
[EventType "swiss"]
[EventRounds "9"]
[EventCountry "GER"]
[SourceTitle "EXT 2007"]
[Source "ChessBase"]
[SourceDate "2006.11.23"]
[SourceVersion "1"]
[SourceVersionDate "2006.11.23"]
[SourceQuality "1"]

1. e4 c6 2. d4 d5 3. Nc3 dxe4 4. Nxe4 Nd7 5. Bc4 Ngf6 6. Ng3 e6 7. N1e2 Nb6 8. Bb3 a5 9. a4 c5 10. c3 cxd4 11. Qxd4 Qxd4 12. Nxd4 Bd7 13. 0-0 Be7 14. h3 0-0 15. Re1 Bc5 16. Nf3 h6 17. Ne5 Rfd8 18. Be3 Bxe3 19. Rxe3 Be8 20. Re2 Rac8 21. Nf3 Bc6 22. Nd4 Bd5 23. Bxd5 Rxd5 24. Nf1 Rdc5 25. Nb5 Rd8 26. b3 Rcd5 27. Rae1 Rd3 28. Re3 Rd1 29. c4 Nc8 30. f4 Ne7 31. Ng3 Rxe1+ 32. Rxe1 Rd3 33. Ne2 Rxb3 34. Ned4 Rb4 35. Nd6 Rxa4 36. Nxb7 Rxc4 37. Nb5 a4 38. N7d6 Rxf4 39. Ra1 Nf5 40. Nxf5 Rxf5 41. Nc3 Ra5 42. Rxa4 Rxa4 43. Nxa4 Nd5 44. Nc5 Kf8 45. Kf2 Ke7 46. Kf3 f5 47. g3 g5 48. g4 Kd6 49. Nd3 Nf6 50. gxf5 exf5 51. Ke3 f4+ 52. Kf3 Ke6 53. h4 Kf5 54. hxg5 hxg5 55. Nf2 g4+ 56. Kg2 Ne4 57. Nd3 f3+ 58. Kh2 Kg5 59. Kg1 g3 60. Kf1 Kg4 61. Ne5+ Kf4 62. Nd3+ Ke3 63. Nc1 Nd2+ 0-1

[Event "Essen op04"]
[Site "Essen"]
[Date "2005.04.05"]
[Round "2"]
[White "Hait, Simon"]
[Black "Liszka, Guenter"]
[Result "0-1"]
[WhiteElo "1659"]
[BlackElo "1777"]
[PlyCount "96"]
[EventDate "2005.04.04"]
[EventType "swiss"]
[EventRounds "9"]
[EventCountry "GER"]
[SourceTitle "EXT 2007"]
[Source "ChessBase"]
[SourceDate "2006.11.23"]
[SourceVersion "1"]
[SourceVersionDate "2006.11.23"]
[SourceQuality "1"]

1. e4 c5 2. Bc4 e6 3. a3 Nc6 4. Nf3 Nf6 5. d3 Be7 6. 0-0 d6 7. Nc3 0-0 8. Ne2 d5 9. exd5 exd5 10. Ba2 Bg4 11. Ne1 Re8 12. f3 Bc8 13. c3 Bd6 14. Bf4 Rxe2 15. Bxd6 Rxe1 16. Rxe1 Qxd6 17. Qd2 Bd7 18. Re2 Re8 19. Rxe8+ Nxe8 20. Re1 Nf6 21. Qg5 h6 22. Qd2 b5 23. Qf2 a5 24. Kh1 Bf5 25. Qd2 Be6 26. Bb1 d4 27. Bc2 Nd5 28. Bb1 Ne3 29. cxd4 cxd4 30. Rc1 b4 31. axb4 axb4 32. Qf2 b3 33. Kg1 Bd5 34. Qh4 Qg6 35. Qg3 Qxg3 36. hxg3 Nb4 37. Kf2 Nec2 38. Bxc2 bxc2 39. Ke2 Bb3 40. Kd2 Na2 41. Rxc2 Bxc2 42. Kxc2 Nb4+ 43. Kd2 Kf8 44. Ke2 Ke7 45. g4 Ke6 46. f4 f5 47. gxf5+ Kxf5 48. Kf3 h5 0-1